000
00294nam a2200109Ia 4500
008
171204s9999 xx 000 0 und d
245
4
_a
The Essential World History:
245
_c
William J. Duiker
260
_c
2007
650
_x
History
856
_u
http://down.ebook777.com/063/0495097292.pdf
999
_c
345561
_d
345561